Buffalo Bill (Registo nº 25998)
[ vista simples ]
| 000 -Etiqueta do registo | |
|---|---|
| Valores | 00631nam a22002531 4500 |
| 090 ## - | |
| -- | 25998 |
| 100 ## - Dados gerais de processamento | |
| Dados gerais | 20040126d1974 em y0pory5003 ba |
| 102 ## - País de publicação | |
| -- | PT |
| 101 0# - Língua de publicação | |
| -- | por |
| 205 ## - Menção da edição | |
| Edição | 1ª ed |
| 200 1# - Titulo e menção de responsabilidade | |
| Título próprio | Buffalo Bill |
| Primeira menção de responsabilidade | William O'Connor |
| Outras menções de responsabilidade | trad. Jaime Mas |
| 215 ## - Descrição física | |
| Paginação / Volumes | 359 p. |
| Outras indicações físicas | il. |
| Dimensões | 20 cm |
| 210 ## - Publicação | |
| Local de publicação | Amadora |
| Nome do editor | Bertrand |
| Data de publicação | 1974 |
| 225 2# - Colecção | |
| Título próprio da colecção | Histórias. |
| Nome de parte ou secção | selecçäo |
| Indicação de volume | 37 |
| 300 ## - Notas gerais | |
| Texto da nota | Tít. orig.: Bufalo Bill |
| 675 ## - CDU | |
| Notação | 820(73) |
| Edição | med |
| Língua | por |
| 702 #1 - Autor secundário (pessoa individual) | |
| Apelido | Mas |
| Nome | Jaime |
| -- | 730 |
| 700 #1 - Autor principal (pessoa individual) | |
| Apelido | O'Connor |
| Nome | William |
| 930 ## - | |
| -- | BE/ CRE |
| 999 ## - | |
| -- | Bertrand |
| 998 ## - | |
| -- | CR719-81 |
| 990 ## - Elementos KOHA | |
| Tipo de documento | Livro |
| 995 ## - Localização e informação dos exemplares | |
| -- | 18 |
| Situação do levantamento | Estado | Biblioteca de origem | Biblioteca de empréstimo | Código de barras | Cota | Permissão de empréstimo | Tipo de documento |
|---|---|---|---|---|---|---|---|
| Completo | Biblioteca da Escola Básica e Secundária Dr Isidoro de Sousa | Biblioteca da Escola Básica e Secundária Dr Isidoro de Sousa | 4045EV | 087.5 CON | Disponível | Livro |